Pacific Coast Cities by Pictures - Statistics

General Stats
  • This quiz has been taken 157 times
  • The average score is 11 of 15
Answer Stats
Picture Answer % Correct
Sydney
98%
Los Angeles
96%
San Francisco
96%
Tokyo
89%
Seattle
88%
Hong Kong
76%
Shanghai
75%
Taipei
73%
Singapore
71%
Vancouver
61%
Lima
58%
Auckland
54%
Honolulu
53%
Bangkok
50%
Melbourne
48%
No matching quizzes found
Score Distribution
Percent of People with Each Score
Percentile by Number Answered
Your Score History
You have not taken this quiz